000 01027nam a22002897a 4500
001 03767
003 HDC
007 cr bn ---aaaaa
008 210111t1998 nyu||||| |||| 00| 0 eng
020 _a0-203-22306-3
040 _aHDC
100 _aWithers, Lyndsey A.
_eauthor
_93541
245 0 _aAgricultural Biotechnology. Chapter 4 :
_bIn Vitro Conservation of Plant Genetic Resources / by
_cLyndsey A.Withers and Florent Engelmann
260 _aNew York :
_bMARCEL DEKKER,
_c1998
300 _a32 pages
336 _atext
_2rdacontent
337 _acomputer
_2rdamedia
338 _aonline resource
_2rdacarrier
650 _aAgricultural Biotechnology
_91565
650 _aPlant Genetic
_93543
650 _aVitro Conservation
_93542
700 _aEngelmann, Florent
_eauthor
_93544
856 _zRequest full-text at [email protected]
942 _2lcc
942 _cCHAP
942 _kEBCH 001689
999 _c1103
_d1103